[Event "Moscow Aeroflot op-A"]
[Site "Moscow"]
[Date "2024.03.05"]
[Round "5"]
[White "Badelka, Olga"]
[Black "Li, Guohao"]
[Result "1-0"]
[WhiteElo "2377"]
[BlackElo "2324"]
[PlyCount "135"]
[EventDate "2024.03.03"]
[EventType "swiss"]
[EventRounds "9"]
[EventCountry "RUS"]
[SourceTitle "CB11_2024"]
[SourceDate "2024.03.13"]
[SourceVersion "1"]
[SourceVersionDate "2024.03.13"]
[SourceQuality "1"]

1. e4 c6 2. d4 d5 3. f3 g6 4. Nc3 Bg7 5. e5 h5 6. Be3 Nh6 7. Qd2 Nf5 8. Bf2 Nd7 9. f4 b5 10. Nf3 Nb6 11. b3 a5 12. a4 b4 13. Nd1 e6 14. Nb2 Bf8 15. Bd3 Nd7 16. Bxf5 gxf5 17. Nd3 Ba6 18. 0-0 Qb6 19. c3 Rb8 20. Rfc1 bxc3 21. Rxc3 Be7 22. Rac1 Bb7 23. Qd1 Rc8 24. Ng5 Qd8 25. Nf3 Qb6 26. Nc5 Nxc5 27. dxc5 Qa7 28. Nd4 Kd7 29. Nb5 Qa6 30. Nd6 Rcf8 31. Rh3 h4 32. Qe1 Rh7 33. Nxb7 Qxb7 34. Qxa5 Bd8 35. Qd2 Rg8 36. b4 Rhg7 37. g3 Qa6 38. Qc2 Rg4 39. Kh1 Kc8 40. Rg1 R8g6 41. Rb1 Rg8 42. b5 cxb5 43. Rxb5 Kd7 44. Qb3 Bc7 45. Rxh4 Rxh4 46. gxh4 d4 47. Bg3 Ra8 48. h5 Qxa4 49. Qxa4 Rxa4 50. h6 Kc6 51. Rb1 Ra8 52. Bh4 Rh8 53. Bg5 Ba5 54. Kg2 d3 55. Kf3 d2 56. Ke2 Kxc5 57. Rb7 Kc4 58. Ra7 Bc3 59. Rd7 Kb3 60. Kd1 Ra8 61. h7 Kc4 62. Ke2 Rh8 63. Rxf7 Kb3 64. Kd1 Ra8 65. Rd7 Ra1+ 66. Ke2 Re1+ 67. Kf2 Kc4 68. Rxd2 1-0

[Event "Budapest Vezerkepzo IM 12"]
[Site "Budapest"]
[Date "2023.12.18"]
[Round "5"]
[White "Pacher, Milan"]
[Black "Li, Guohao"]
[Result "1/2-1/2"]
[WhiteElo "2365"]
[BlackElo "2233"]
[PlyCount "53"]
[EventDate "2023.12.14"]
[EventType "tourn"]
[EventRounds "9"]
[EventCountry "HUN"]
[SourceTitle "CB52_2023"]
[SourceDate "2023.12.27"]
[SourceVersion "1"]
[SourceVersionDate "2023.12.27"]
[SourceQuality "1"]

1. d4 d5 2. c4 c6 3. Nf3 Nf6 4. Qc2 e6 5. Bg5 Nbd7 6. e3 Be7 7. Nc3 0-0 8. Rd1 b6 9. Bd3 Bb7 10. 0-0 h6 11. Bh4 Rc8 12. cxd5 Nxd5 13. Bxe7 Qxe7 14. Nxd5 cxd5 15. Qa4 a6 16. Rc1 Qd6 17. a3 Rc7 18. Rxc7 Qxc7 19. Nd2 Rc8 20. Nb3 a5 21. f3 Qd8 22. Rc1 Rc7 23. Rxc7 Qxc7 24. Nd2 Qc1+ 25. Nf1 Bc6 26. Qc2 Qxc2 27. Bxc2 1/2-1/2

[Event "Lignano Bella Italia op 2nd"]
[Site "Lignano Sabbiadoro"]
[Date "2023.08.18"]
[Round "3"]
[White "Li, Guohao"]
[Black "Lain, Luigi"]
[Result "1-0"]
[WhiteElo "2042"]
[BlackElo "2249"]
[PlyCount "41"]
[EventDate "2023.08.17"]
[EventType "swiss"]
[EventRounds "9"]
[EventCountry "ITA"]
[SourceTitle "EXT 2024"]
[Source "ChessBase"]
[SourceDate "2023.10.10"]
[SourceVersion "1"]
[SourceVersionDate "2023.10.10"]
[SourceQuality "1"]

1. d4 Nf6 2. Nf3 d5 3. c4 e6 4. Nc3 Be7 5. Bg5 Nbd7 6. e3 0-0 7. cxd5 exd5 8. Bd3 c6 9. Qc2 Re8 10. 0-0-0 Ne4 11. Bxe4 dxe4 12. Nxe4 Qa5 13. Bxe7 Rxe7 14. Kb1 Rxe4 15. Qxe4 Nf6 16. Qe5 b5 17. d5 cxd5 18. Rc1 h6 19. Qc7 Bf5+ 20. Ka1 Qa4 21. Nd4 1-0

[Event "CHN-chT"]
[Site "Nanjing"]
[Date "2023.02.17"]
[Round "4.2"]
[White "Jiang, Haochen"]
[Black "Li, Guohao"]
[Result "0-1"]
[WhiteElo "1389"]
[BlackElo "1969"]
[PlyCount "110"]
[EventDate "2023.02.14"]
[EventType "team-swiss"]
[EventRounds "9"]
[EventCountry "CHN"]
[SourceTitle "CBM 212 Extra"]
[Source "ChessBase"]
[SourceDate "2023.03.31"]
[SourceVersion "1"]
[SourceVersionDate "2023.03.31"]
[SourceQuality "1"]
[WhiteTeam "Shenzhen"]
[BlackTeam "Wuxi"]
[WhiteTeamCountry "CHN"]
[BlackTeamCountry "CHN"]

1. e4 c6 2. Nf3 d5 3. d3 Bg4 4. h3 Bxf3 5. Qxf3 e6 6. Nc3 Nf6 7. g4 h6 8. Bg2 Nbd7 9. Qg3 Qb6 10. 0-0 dxe4 11. dxe4 0-0-0 12. Rb1 Qc7 13. Bf4 e5 14. Be3 Bc5 15. b4 Bxe3 16. Qxe3 Qb6 17. Qe2 Nf8 18. b5 Ne6 19. bxc6 Qxc6 20. Nd5 Kb8 21. c3 Rd6 22. Rb4 Nc5 23. Rfb1 Re8 24. Qc4 Nxd5 25. exd5 Qc7 26. Rb5 Rc8 27. Qb4 b6 28. a4 Nb7 29. f4 exf4 30. a5 Qxc3 31. Qxf4 g5 32. Qxf7 Nxa5 33. Qe7 Nb7 34. R5b3 Qd4+ 35. Kh1 Qf6 36. Qe3 Na5 37. Rf1 Qg7 38. Qg3 Nc4 39. Rbf3 Qe5 40. Qf2 Re8 41. Rf7 Ne3 42. Qa2 a5 43. Rb1 Qg3 44. Rc1 Nxg2 45. Qxg2 Re1+ 46. Rxe1 Qxe1+ 47. Rf1 Qe5 48. Rf5 Qc3 49. Qf1 Rd7 50. Rf8+ Kb7 51. Rf7 Qc7 52. Rf5 Qc5 53. Qf3 a4 54. Rf7 Qd6 55. Rxd7+ Qxd7 0-1

[Event "China zt 3.5"]
[Site "Shaoxing"]
[Date "2021.05.28"]
[Round "6"]
[White "Zhang, Qianyi"]
[Black "Li, Guohao"]
[Result "0-1"]
[WhiteElo "1000"]
[BlackElo "2117"]
[PlyCount "94"]
[EventDate "2021.05.23"]
[EventType "swiss"]
[EventRounds "9"]
[EventCountry "CHN"]
[SourceTitle "CBM 202 Extra"]
[Source "ChessBase"]
[SourceDate "2021.07.31"]
[SourceVersion "1"]
[SourceVersionDate "2021.07.31"]
[SourceQuality "1"]

1. e4 c6 2. d4 d5 3. Nc3 dxe4 4. Nxe4 Nf6 5. Nxf6+ exf6 6. Nf3 Bd6 7. Bd3 0-0 8. 0-0 Nd7 9. b3 Re8 10. c4 Nf8 11. Qc2 Bg4 12. Nd2 Bc7 13. Bb2 Qd6 14. g3 Qd7 15. Rfe1 h5 16. Ne4 Ne6 17. Qc3 Rad8 18. d5 Be5 19. dxe6 Rxe6 20. Qc2 Bxb2 21. Qxb2 Qxd3 22. Re3 Qd4 23. Qxd4 Rxd4 24. Rae1 b6 25. f3 Bxf3 26. Rxf3 Rdxe4 27. Rxe4 Rxe4 28. Kf2 Kf8 29. Rd3 Ke7 30. Rd1 f5 31. Rc1 g5 32. b4 c5 33. b5 f4 34. Rc3 Kf6 35. Ra3 Rxc4 36. Rxa7 Rc2+ 37. Kf3 Rxh2 38. a4 Ra2 39. gxf4 g4+ 40. Kg3 Ra3+ 41. Kf2 h4 42. Ra6 Ra2+ 43. Kg1 Kf5 44. Rxb6 Rxa4 45. Rb7 Kxf4 46. Rxf7+ Kg3 47. Rf1 Rb4 0-1

[Event "Tianjin Binhai Cup 2nd"]
[Site "Tianjin"]
[Date "2020.01.17"]
[Round "8"]
[White "He, Ping"]
[Black "Li, Guohao"]
[Result "0-1"]
[WhiteElo "1812"]
[BlackElo "2149"]
[PlyCount "148"]
[EventDate "2020.01.13"]
[EventType "swiss"]
[EventRounds "9"]
[EventCountry "CHN"]
[SourceTitle "CBM 194 Extra"]
[Source "ChessBase"]
[SourceDate "2020.03.31"]
[SourceVersion "1"]
[SourceVersionDate "2020.03.31"]
[SourceQuality "1"]

1. Nf3 d5 2. c4 c6 3. e3 Nf6 4. Nc3 e6 5. d4 Nbd7 6. Bd3 dxc4 7. Bxc4 b5 8. Bd3 a6 9. 0-0 c5 10. Qe2 Bb7 11. Rd1 Qb6 12. a4 c4 13. Bc2 b4 14. a5 Qc7 15. Na4 Qxa5 16. Qxc4 Bd6 17. Qe2 Qd5 18. e4 Nxe4 19. Nc5 Nef6 20. Bb3 Qc6 21. Nxe6 fxe6 22. Qxe6+ Kd8 23. d5 Qc7 24. Ng5 Ne5 25. Bf4 Bc8 26. Bxe5 Bxe6 27. dxe6 Ne8 28. Nf7+ Ke7 29. Nxh8 Bxe5 30. Rd7+ Qxd7 31. exd7 Nd6 32. Re1 Kxd7 33. Rxe5 Rxh8 34. Ba4+ Kc7 35. Re7+ Kb6 36. Rxg7 Nc4 37. b3 Nb2 38. Bd7 a5 39. f4 Nd3 40. f5 Nc5 41. Be6 Nxe6 42. fxe6 Re8 43. e7 a4 44. Rg4 Kc5 45. bxa4 b3 46. Re4 b2 47. Re1 Kb4 48. Kf2 Kc3 49. a5 Rxe7 50. Rxe7 b1Q 51. g4 Kd4 52. Re2 Qa1 53. Re7 Qxa5 54. Re2 Qc7 55. Kg2 Kd3 56. Rf2 Ke4 57. h3 h5 58. gxh5 Qg7+ 59. Kh2 Qe5+ 60. Kg2 Qg5+ 61. Kh2 Ke3 62. Rg2 Qe5+ 63. Kh1 Qxh5 64. Kh2 Qe5+ 65. Kh1 Kf3 66. Rg4 Qe1+ 67. Kh2 Qe5+ 68. Kh1 Qc5 69. Kh2 Kf2 70. Rf4+ Ke1 71. Rg4 Qe3 72. Kg2 Qf2+ 73. Kh1 Kf1 74. Ra4 Qg2# 0-1